| 000 | 01291nam a2200325 i 4500 | ||
|---|---|---|---|
| 003 | EG-GICUC | ||
| 005 | 20260420145929.0 | ||
| 008 | 260420s1960 ua ||||fr|||| 000 0 ara d | ||
| 040 |
_a EG-GICUC _bara _c EG-GICUC _d EG-GICUC _erda |
||
| 041 | 0 | _aara | |
| 082 | 0 | 4 |
_221 _a345.4551 _bم ح . ق |
| 092 | 0 | 4 | _221 |
| 099 | _aLaw1 07 345.4551 م ح . ق 1960 | ||
| 100 | 0 |
_aمحسن حسنين حمزة _eمؤلف. |
|
| 245 | 1 | 2 |
_aالقانون التأديبي للموظف العام ورقابته القضائية : _bدراسة تحليلية مقارنة / _cمحسن حسنين حمزة. |
| 250 | _aالطبعة الأولى. | ||
| 264 | 1 |
_aالقاهرة : _bدار الفكر العربي، _c1960. |
|
| 300 |
_a147 صفحة، صفحات غيرمرقمة ؛ _c24 سم. |
||
| 336 |
_2rda content _atext |
||
| 337 |
_2rda media _aComputer |
||
| 338 |
_2rda carrier _aOnline Resource |
||
| 504 | _a ببليوجرافيا: صفحات 143 | ||
| 504 | _aيشتمل على إرجاعات ببليوجرافية. | ||
| 546 | _aالنص باللغة العربية | ||
| 650 | 1 |
_aتاديب العاملين بالقطاع العام. _2qrmak |
|
| 651 | 1 | _2qrmak | |
| 856 | 4 | 0 | _uhttps://fll.law.cu.edu.eg/fulltext/bks/B07-01578.pdf |
| 905 | _a62 | ||
| 942 |
_2ddc _n0 _cBK _e21 |
||
| 999 |
_c72252 _d72252 |
||